Tablice rejestracyjne - Czechy - Statystyki

Ogólne statystyki
  • Ten quiz został rozwiązany 36 razy
  • Średni wynik to 9 z 14
Statystyki odpowiedzi
Hint Odpowiedź % Poprawnych
A Praga
100%
S Praga (okolice)
100%
B Brno
88%
T Ostrawa
84%
L Liberec
69%
P Pilzno
69%
M Ołomuniec
66%
H Hradec Kralove
59%
Z Zlin
56%
C Czeskie Budziejowice
50%
E Pardubice
44%
K Karlowe Wary
41%
J Igława
38%
U Uście nad Łabą
28%
Nie znaleziono quizów pasujących do podanych kryteriów
Rozkład punktacji
Procent ludzi z każdym wynikiem
Percentyl według liczby udzielonych odpowiedzi
Twoja historia wyników
Nie rozwiązałeś tego quizu